000 00403nam a22001457a 4500
005 20200611103022.0
008 200611b xxu||||| |||| 00| 0 eng d
082 _a345.4 AIR
110 _aALL INDIA REPORTER,
_95966
245 _aALL INDIA REPORTER, [1975] [VOL-62] SUPREME COURT SECTION
260 _aBOMBAY
_bALL INDIA REPORTER, PVT. LTD.
300 _a2480; p
650 _aLAW
_95701
942 _cJRL
999 _c7027
_d7025